[Event "SVK-ch Rapid"]
[Site "Podbanske"]
[Date "2023.10.01"]
[Round "10"]
[White "Priehoda, Vitezslav"]
[Black "Sulko, Jan"]
[Result "1-0"]
[WhiteElo "2272"]
[BlackElo "1919"]
[PlyCount "45"]
[EventDate "2023.09.30"]
[EventType "tourn (rapid)"]
[EventRounds "10"]
[EventCountry "SVK"]
[SourceTitle "EXT 2024"]
[Source "ChessBase"]
[SourceDate "2023.10.10"]
[SourceVersion "1"]
[SourceVersionDate "2023.10.10"]
[SourceQuality "1"]

1. c4 Nf6 2. Nc3 g6 3. e4 d6 4. d4 Bg7 5. f4 0-0 6. Nf3 c5 7. dxc5 dxc5 8. Bd3 Nc6 9. e5 Ng4 10. h3 Nh6 11. Be3 Bf5 12. Bxf5 Nxf5 13. Bxc5 Qa5 14. Bf2 Rfd8 15. Qe2 Ncd4 16. Nxd4 Nxd4 17. Bxd4 Rxd4 18. 0-0 Qc5 19. Kh2 Qxc4 20. Qxc4 Rxc4 21. Rad1 Rac8 22. Rd7 Rb4 23. Nd5 1-0

[Event "SVK-ch Rapid"]
[Site "Podbanske"]
[Date "2023.09.30"]
[Round "2"]
[White "Hagarova, Zuzana"]
[Black "Sulko, Jan"]
[Result "1/2-1/2"]
[WhiteElo "2290"]
[BlackElo "1919"]
[PlyCount "46"]
[EventDate "2023.09.30"]
[EventType "tourn (rapid)"]
[EventRounds "10"]
[EventCountry "SVK"]
[SourceTitle "EXT 2024"]
[Source "ChessBase"]
[SourceDate "2023.10.10"]
[SourceVersion "1"]
[SourceVersionDate "2023.10.10"]
[SourceQuality "1"]

1. e4 c5 2. Nf3 d6 3. d4 cxd4 4. Qxd4 Nc6 5. Bb5 Bd7 6. Bxc6 Bxc6 7. Nc3 e6 8. Bg5 Nf6 9. 0-0-0 Be7 10. Qd3 0-0 11. Nd4 d5 12. e5 Nd7 13. Bxe7 Qxe7 14. f4 f6 15. exf6 Rxf6 16. Rhe1 Nc5 17. Qe3 Re8 18. Qe5 Qf7 19. g3 Nd7 20. Qc7 e5 21. fxe5 Nxe5 22. Qxf7+ Kxf7 23. Rf1 Ng4 1/2-1/2

[Event "SVK-chT2C 2122"]
[Site "Slovakia"]
[Date "2022.04.30"]
[Round "10.5"]
[White "Sulko, Jan"]
[Black "Staffen, Richard"]
[Result "1/2-1/2"]
[WhiteElo "1969"]
[BlackElo "1996"]
[PlyCount "33"]
[EventDate "2021.10.16"]
[EventType "team-tourn"]
[EventRounds "11"]
[EventCountry "SVK"]
[SourceTitle "EXT 2023"]
[Source "ChessBase"]
[SourceDate "2022.10.05"]
[SourceVersion "1"]
[SourceVersionDate "2022.10.05"]
[SourceQuality "1"]
[WhiteTeam "Filakovo"]
[BlackTeam "Zilina Mladost II"]
[WhiteTeamCountry "SVK"]
[BlackTeamCountry "SVK"]

1. d4 d5 2. c4 c6 3. cxd5 cxd5 4. Nc3 e6 5. Bf4 Bd6 6. Qd2 a6 7. Nf3 Nc6 8. Bxd6 Qxd6 9. e3 Nf6 10. Rc1 0-0 11. Bd3 b5 12. 0-0 Bb7 13. e4 dxe4 14. Nxe4 Nxe4 15. Bxe4 Nxd4 16. Bxh7+ Kxh7 17. Qxd4 1/2-1/2

[Event "SVK-chT2C 2122"]
[Site "Slovakia"]
[Date "2022.03.26"]
[Round "8.5"]
[White "Sulko, Jan"]
[Black "Baleja, Marian"]
[Result "1/2-1/2"]
[WhiteElo "1959"]
[BlackElo "1946"]
[PlyCount "209"]
[EventDate "2021.10.16"]
[EventType "team-tourn"]
[EventRounds "11"]
[EventCountry "SVK"]
[SourceTitle "EXT 2023"]
[Source "ChessBase"]
[SourceDate "2022.10.05"]
[SourceVersion "1"]
[SourceVersionDate "2022.10.05"]
[SourceQuality "1"]
[WhiteTeam "Filakovo"]
[BlackTeam "Martin Medea"]
[WhiteTeamCountry "SVK"]
[BlackTeamCountry "SVK"]

1. d4 d5 2. c4 c6 3. Nc3 dxc4 4. a4 e5 5. e3 exd4 6. exd4 Be6 7. Nf3 Nd7 8. Be2 Ngf6 9. 0-0 Be7 10. Nd2 0-0 11. Nxc4 Bxc4 12. Bxc4 Nb6 13. b3 Nbd5 14. Nxd5 Nxd5 15. Qf3 Bf6 16. Ba3 Re8 17. Rad1 Qa5 18. Bb2 Rad8 19. g3 Rd7 20. Qf5 Qd8 21. Ba1 g6 22. Qf3 Bg7 23. Qd3 a6 24. Qd2 b5 25. axb5 cxb5 26. Bxd5 Rxd5 27. Rfe1 Rxe1+ 28. Rxe1 Bxd4 29. Bxd4 Rxd4 30. Re8+ Qxe8 31. Qxd4 Qe6 32. b4 h5 33. Qc3 Kf8 34. h4 Ke7 35. Qc7+ Kf6 36. Qf4+ Qf5 37. Qd6+ Kg7 38. Qd2 Qe5 39. Kg2 Qe4+ 40. Kg1 Qc4 41. Kh2 Kf6 42. Qd6+ Kf5 43. Qd2 Ke5 44. Kg1 Qd4 45. Qg5+ Ke6 46. Qc1 Qxb4 47. Qc8+ Ke7 48. Qxa6 Qc5 49. Qa5 Qc6 50. Qd2 Qc5 51. Qa5 Qc1+ 52. Kg2 Qb2 53. Qc7+ Kf6 54. Qf4+ Kg7 55. g4 hxg4 56. Qxg4 b4 57. h5 b3 58. hxg6 fxg6 59. Qd7+ Kh6 60. Qh3+ Kg5 61. Qg3+ Kf5 62. Qd3+ Ke5 63. Qxg6 Qc2 64. Qg7+ Kd5 65. Qd7+ Kc4 66. Qc6+ Kb4 67. Qb6+ Ka3 68. Qa6+ Kb2 69. Qb5 Kb1 70. Qf1+ Qc1 71. Qd3+ Ka2 72. Qa6+ Kb2 73. Qe2+ Qc2 74. Qb5 Qd2 75. Qc4 Qg5+ 76. Kh2 Qe5+ 77. Kg2 Qc3 78. Qe2+ Qc2 79. Qb5 Kc1 80. Qg5+ Kb1 81. Qe3 Qg6+ 82. Kh2 Qd6+ 83. Kg2 b2 84. Qe4+ Ka2 85. Qc4+ Ka3 86. Qc3+ Ka2 87. Qc4+ Kb1 88. Qe4+ Kc1 89. Qc4+ Kd2 90. Qe4 Qd3 91. Qb4+ Kc2 92. Qa4+ Kc1 93. Qc6+ Kd1 94. Qa4+ Qc2 95. Qd4+ Kc1 96. Qf4+ Kb1 97. Qb4 Ka2 98. Qa5+ Kb3 99. Qb5+ Kc3 100. Qc5+ Kd3 101. Qd5+ Ke2 102. Qe5+ Kd1 103. Qd4+ Kc1 104. Qf4+ Qd2 105. Qc4+ 1/2-1/2

[Event "SVK-chT1E 2122"]
[Site "Slovakia"]
[Date "2022.03.19"]
[Round "6.5"]
[White "Stevik, Patrik1111"]
[Black "Sulko, Jan"]
[Result "1-0"]
[WhiteElo "2266"]
[BlackElo "1959"]
[PlyCount "43"]
[EventDate "2022.01.29"]
[EventType "team-tourn"]
[EventRounds "11"]
[EventCountry "SVK"]
[SourceTitle "EXT 2023"]
[Source "ChessBase"]
[SourceDate "2022.10.05"]
[SourceVersion "1"]
[SourceVersionDate "2022.10.05"]
[SourceQuality "1"]
[WhiteTeam "Banska Bystrica Junior"]
[BlackTeam "Zvolen Slavia"]
[WhiteTeamCountry "SVK"]
[BlackTeamCountry "SVK"]

1. Nf3 Nf6 2. g3 d5 3. Bg2 e6 4. 0-0 Be7 5. c4 0-0 6. d4 c5 7. cxd5 Nxd5 8. e4 Nf6 9. Nc3 Nc6 10. d5 Na5 11. Bf4 Nh5 12. d6 Nxf4 13. dxe7 Qxe7 14. gxf4 b6 15. Qe2 Bb7 16. e5 Rad8 17. Rfd1 Rxd1+ 18. Rxd1 Rd8 19. Ng5 Nc6 20. Rxd8+ Nxd8 21. Bxb7 Qxb7 22. Qd3 1-0

[Event "SVK-chT1E 2122"]
[Site "Slovakia"]
[Date "2022.02.13"]
[Round "3.5"]
[White "Antal, Jakub"]
[Black "Sulko, Jan"]
[Result "0-1"]
[WhiteElo "1896"]
[BlackElo "1959"]
[PlyCount "68"]
[EventDate "2022.01.29"]
[EventType "team-tourn"]
[EventRounds "11"]
[EventCountry "SVK"]
[SourceTitle "EXT 2023"]
[Source "ChessBase"]
[SourceDate "2022.10.05"]
[SourceVersion "1"]
[SourceVersionDate "2022.10.05"]
[SourceQuality "1"]
[WhiteTeam "Kosice Slavia TU"]
[BlackTeam "Zvolen Slavia"]
[WhiteTeamCountry "SVK"]
[BlackTeamCountry "SVK"]

1. e4 c5 2. a3 e6 3. b4 cxb4 4. axb4 Bxb4 5. Bb2 Nf6 6. e5 Nd5 7. c4 Nb6 8. Ra3 d5 9. Rg3 g6 10. h4 h5 11. Bd3 Nxc4 12. Bxc4 dxc4 13. Nc3 Bxc3 14. Bxc3 Nc6 15. Nf3 Qd5 16. 0-0 Ne7 17. Ng5 Nf5 18. Qe2 Bd7 19. Ne4 0-0-0 20. Rf3 Bc6 21. Rf4 Rhe8 22. f3 Re7 23. Qf2 b6 24. Ra1 Rb7 25. Kh2 Kb8 26. Ra2 Nd4 27. Bxd4 Qxd4 28. Qxd4 Rxd4 29. Kg3 Bxe4 30. fxe4 b5 31. Kf3 b4 32. Ke3 Rd3+ 33. Ke2 b3 34. Rb2 a5 0-1

[Event "SVK-chT2C 1920"]
[Site "Slovakia"]
[Date "2020.02.15"]
[Round "8.5"]
[White "Mrva, Marek"]
[Black "Sulko, Jan"]
[Result "1-0"]
[WhiteElo "1902"]
[BlackElo "2013"]
[PlyCount "91"]
[EventDate "2019.10.26"]
[EventType "team-tourn"]
[EventRounds "11"]
[EventCountry "SVK"]
[SourceTitle "CBM 195 Extra"]
[Source "ChessBase"]
[SourceDate "2020.05.31"]
[SourceVersion "1"]
[SourceVersionDate "2020.05.31"]
[SourceQuality "1"]
[WhiteTeam "Ruzomberok Montana"]
[BlackTeam "Zvolen Slavia"]
[WhiteTeamCountry "SVK"]
[BlackTeamCountry "SVK"]

1. d4 Nf6 2. c4 g6 3. Nc3 d5 4. Nf3 Bg7 5. Bf4 0-0 6. e3 Bg4 7. h3 Bxf3 8. Qxf3 e6 9. g4 c5 10. dxc5 Qa5 11. Bg2 Ne4 12. 0-0 Nd2 13. Qe2 Nxf1 14. Rxf1 Qxc5 15. cxd5 exd5 16. Nxd5 Nc6 17. a3 a5 18. Rd1 Rad8 19. Bc7 Rc8 20. Bb6 Qd6 21. Qb5 Qe5 22. b3 Qb2 23. a4 Qc2 24. Rf1 Rfe8 25. Bc7 Be5 26. Bxe5 Rxe5 27. Qxb7 Rb8 28. Qc7 Rxb3 29. Nf6+ Kg7 30. Nd7 Re7 31. Qxc6 Qxc6 32. Bxc6 Rd3 33. Nb8 Rc7 34. Bb5 Rd6 35. Na6 Rc8 36. Kg2 g5 37. Kf3 Kf6 38. Rb1 Rd2 39. Re1 Ke5 40. Re2 Rd6 41. Rb2 Rb6 42. Rd2 h6 43. Rd7 f5 44. Nc7 fxg4+ 45. Kxg4 Rb7 46. Rd5+ 1-0

[Event "SVK-chT2C 1920"]
[Site "Slovakia"]
[Date "2019.11.16"]
[Round "3.4"]
[White "Palider, Pavol"]
[Black "Sulko, Jan"]
[Result "1-0"]
[WhiteElo "2036"]
[BlackElo "2013"]
[PlyCount "85"]
[EventDate "2019.10.26"]
[EventType "team-tourn"]
[EventRounds "11"]
[EventCountry "SVK"]
[SourceTitle "CBM 193 Extra"]
[Source "ChessBase"]
[SourceDate "2020.01.31"]
[SourceVersion "1"]
[SourceVersionDate "2020.01.31"]
[SourceQuality "1"]
[WhiteTeam "Bziny"]
[BlackTeam "Zvolen Slavia"]
[WhiteTeamCountry "SVK"]
[BlackTeamCountry "SVK"]

1. d4 Nf6 2. Nc3 d5 3. Bf4 g6 4. h3 Bg7 5. e3 0-0 6. Bd3 c5 7. Nf3 c4 8. Be2 a6 9. a4 Bd7 10. 0-0 Nc6 11. Ne5 e6 12. Qd2 Be8 13. Bf3 Nxe5 14. Bxe5 b5 15. axb5 Bxb5 16. Ra3 Qb6 17. Rfa1 Qc6 18. Bxf6 Bxf6 19. e4 Rad8 20. exd5 exd5 21. Nxb5 Qxb5 22. c3 Rd6 23. Ra5 Qb7 24. Qf4 Be7 25. Qe5 Rfd8 26. Qe2 R8d7 27. Qc2 Bd8 28. R5a4 Rc6 29. Rb4 Qc8 30. Bg4 f5 31. Bf3 Qc7 32. Rba4 Qd6 33. Re1 Rb6 34. Re5 Rb5 35. Qe2 Re7 36. Rxe7 Bxe7 37. Ra1 Kf7 38. Re1 Qd7 39. g4 f4 40. Qe5 g5 41. Qh8 a5 42. Qxh7+ Kf8 43. Re5 1-0

[Event "SVK-chT2C 1819"]
[Site "Slovakia"]
[Date "2019.04.07"]
[Round "11.5"]
[White "Sulko, Jan"]
[Black "Macko, Michal"]
[Result "1/2-1/2"]
[WhiteElo "2008"]
[BlackElo "2175"]
[PlyCount "32"]
[EventDate "2018.10.13"]
[EventType "team-tourn"]
[EventRounds "11"]
[EventCountry "SVK"]
[SourceTitle "EXT 2020"]
[Source "ChessBase"]
[SourceDate "2019.10.17"]
[SourceVersion "1"]
[SourceVersionDate "2019.10.17"]
[SourceQuality "1"]
[WhiteTeam "Zvolen Slavia"]
[BlackTeam "Liptov Chess School III"]
[WhiteTeamCountry "SVK"]
[BlackTeamCountry "SVK"]

1. d4 Nf6 2. c4 e6 3. Nc3 Bb4 4. Qc2 Nc6 5. Nf3 0-0 6. e4 Bxc3+ 7. bxc3 d6 8. Bd3 e5 9. h3 b6 10. 0-0 Nd7 11. Bg5 f6 12. Be3 Na5 13. Nd2 Ba6 14. Qa4 c6 15. Nb3 Qc7 16. Rfd1 Rac8 1/2-1/2

[Event "SVK-chT2C 1718"]
[Site "Slovakia"]
[Date "2017.11.26"]
[Round "4.5"]
[White "Palider, Pavol"]
[Black "Sulko, Jan"]
[Result "1/2-1/2"]
[WhiteElo "1977"]
[BlackElo "2014"]
[PlyCount "127"]
[EventDate "2017.10.28"]
[EventType "team-tourn"]
[EventRounds "11"]
[EventCountry "SVK"]
[SourceTitle "CBM 181 Extra"]
[Source "ChessBase"]
[SourceDate "2017.12.12"]
[SourceVersion "1"]
[SourceVersionDate "2017.12.12"]
[SourceQuality "1"]
[WhiteTeam "Bziny"]
[BlackTeam "Zvolen Slavia"]
[WhiteTeamCountry "SVK"]
[BlackTeamCountry "SVK"]

1. d4 Nf6 2. Nc3 d5 3. Bg5 Bf5 4. f3 Nbd7 5. Qd2 Bg6 6. 0-0-0 e6 7. e4 Be7 8. Bxf6 Nxf6 9. e5 Nd7 10. f4 c5 11. Nf3 cxd4 12. Qxd4 a6 13. g4 Nb6 14. h4 h5 15. f5 exf5 16. g5 0-0 17. Nxd5 Nxd5 18. Qxd5 Qb6 19. Qb3 Qxb3 20. axb3 Rad8 21. Bc4 f4 22. e6 fxe6 23. Bxe6+ Bf7 24. Bxf7+ Rxf7 25. Rxd8+ Bxd8 26. Re1 Kf8 27. g6 Re7 28. Rf1 Re6 29. Nd4 Rxg6 30. Rxf4+ Bf6 31. Rf5 Ke7 32. Nf3 Rg3 33. Kd2 g6 34. Rf4 Bxb2 35. c3 Rg2+ 36. Kd3 Bc1 37. Re4+ Kf6 38. Nd4 Rg3+ 39. Kc2 Be3 40. Re6+ Kf7 41. Rb6 Bxd4 42. Rxb7+ Ke6 43. cxd4 Kd5 44. Rd7+ Kc6 45. Rg7 Kd5 46. Rd7+ Ke4 47. Rd8 a5 48. Rd7 Rh3 49. Rd6 Rxh4 50. Rxg6 Kxd4 51. Rd6+ Kc5 52. Rf6 Kb5 53. Re6 Rh2+ 54. Kc3 Rh3+ 55. Kb2 Rh1 56. Re5+ Kb6 57. Re6+ Kb7 58. Re5 h4 59. Rxa5 h3 60. Rh5 h2 61. b4 Kc6 62. b5+ Kb6 63. Ka2 Ka5 64. Kb2 1/2-1/2

[Event "SVK-chT2C 1718"]
[Site "Slovakia"]
[Date "2017.10.29"]
[Round "2.4"]
[White "Bartek, Ladislav"]
[Black "Sulko, Jan"]
[Result "1-0"]
[WhiteElo "2017"]
[BlackElo "2014"]
[PlyCount "60"]
[EventDate "2017.10.28"]
[EventType "team-tourn"]
[EventRounds "11"]
[EventCountry "SVK"]
[SourceTitle "CBM 181 Extra"]
[Source "ChessBase"]
[SourceDate "2017.12.12"]
[SourceVersion "1"]
[SourceVersionDate "2017.12.12"]
[SourceQuality "1"]
[WhiteTeam "Ondrasova Krivan"]
[BlackTeam "Zvolen Slavia"]
[WhiteTeamCountry "SVK"]
[BlackTeamCountry "SVK"]

1. e4 c5 2. Nf3 d6 3. d4 cxd4 4. Nxd4 Nf6 5. Nc3 a6 6. Bg5 e6 7. f4 Be7 8. Qf3 Qb6 9. 0-0-0 Nc6 10. Nxc6 Qxc6 11. Qg3 h6 12. Bxf6 Bxf6 13. e5 dxe5 14. fxe5 Bg5+ 15. Kb1 0-0 16. Bd3 Be7 17. Ne4 Kh8 18. Rhf1 b5 19. Nf6 Bb7 20. Be4 Qc8 21. Bxb7 Qxb7 22. Rd7 Qc8 23. Rxe7 Qc4 24. Rc1 Qc5 25. Nh5 g6 26. Qf4 gxh5 27. Qxh6+ Kg8 28. Qg5+ Kh7 29. Qxh5+ Kg8 30. Qg5+ Kh7 1-0

[Event "SVK-chT2C 1617"]
[Site "Slovakia"]
[Date "2017.02.11"]
[Round "8.6"]
[White "Sulko, Jan"]
[Black "Staffen, Richard"]
[Result "1/2-1/2"]
[WhiteElo "2051"]
[BlackElo "2050"]
[PlyCount "123"]
[EventDate "2016.10.08"]
[EventType "team-tourn"]
[EventRounds "11"]
[EventCountry "SVK"]
[SourceTitle "EXT 2018"]
[Source "ChessBase"]
[SourceDate "2017.10.13"]
[SourceVersion "1"]
[SourceVersionDate "2017.10.13"]
[SourceQuality "1"]
[WhiteTeam "Filakovo"]
[BlackTeam "Zilina Mladost II"]
[WhiteTeamCountry "SVK"]
[BlackTeamCountry "SVK"]

1. d4 d5 2. c4 c6 3. Nc3 Nf6 4. Bf4 e6 5. e3 Bd6 6. Bxd6 Qxd6 7. Nf3 Nbd7 8. Be2 0-0 9. 0-0 b6 10. Rc1 Bb7 11. Qc2 Rac8 12. Rfd1 Qb8 13. e4 dxe4 14. Nxe4 Nxe4 15. Qxe4 Nf6 16. Qh4 c5 17. b3 Qc7 18. Rc3 Rfd8 19. Rcd3 cxd4 20. Rxd4 Rxd4 21. Qxd4 Bxf3 22. Bxf3 Kf8 23. g4 Ke7 24. g5 Ne8 25. Qe4 g6 26. Rc1 Qc5 27. Qf4 Rd8 28. Rd1 Rxd1+ 29. Bxd1 Qd6 30. Qc1 a5 31. Bf3 Nc7 32. Bb7 Qd4 33. Qa3+ Qc5 34. Qc1 Ne8 35. Qf4 Qc7 36. Qxc7+ Nxc7 37. f4 Kd6 38. Kf2 Kc5 39. Ke3 Ne8 40. Ba6 Nd6 41. Kd3 Kb4 42. Kd4 Ka3 43. Ke5 Nf5 44. Bb5 Kxa2 45. Ba4 Ka3 46. Kf6 Nd6 47. Ke7 Nxc4 48. Kxf7 Nd6+ 49. Kxe6 b5 50. Kxd6 bxa4 51. bxa4 Kxa4 52. h4 Kb5 53. h5 gxh5 54. f5 h4 55. g6 hxg6 56. fxg6 h3 57. g7 h2 58. g8Q h1Q 59. Qb3+ Ka6 60. Qc4+ Kb6 61. Qc5+ Ka6 62. Qc4+ 1/2-1/2

[Event "SVK-chT2C 1516"]
[Site "Slovakia"]
[Date "2016.02.13"]
[Round "8.5"]
[White "Horsak, Jan"]
[Black "Sulko, Jan"]
[Result "1/2-1/2"]
[WhiteElo "2044"]
[BlackElo "2022"]
[PlyCount "154"]
[EventDate "2015.10.17"]
[EventType "team-tourn"]
[EventRounds "11"]
[EventCountry "SVK"]
[SourceTitle "EXT 2017"]
[Source "ChessBase"]
[SourceDate "2016.10.25"]
[SourceVersion "1"]
[SourceVersionDate "2016.10.25"]
[SourceQuality "1"]
[WhiteTeam "Rajecke Teplice"]
[BlackTeam "Filakovo"]
[WhiteTeamCountry "SVK"]
[BlackTeamCountry "SVK"]

1. c4 Nf6 2. g3 e5 3. Bg2 Be7 4. Nc3 0-0 5. Nf3 d6 6. 0-0 c6 7. d3 h6 8. Rb1 Be6 9. b4 Nbd7 10. b5 d5 11. bxc6 bxc6 12. Qa4 Qc7 13. cxd5 cxd5 14. Nb5 Qc6 15. Ba3 Bxa3 16. Qxa3 a6 17. Nbd4 Qc5 18. Qxc5 Nxc5 19. Nxe5 Na4 20. Rfc1 Rab8 21. Rxb8 Rxb8 22. Nxe6 fxe6 23. Bh3 Rb6 24. Rc6 Rxc6 25. Nxc6 Nc3 26. Bxe6+ Kf8 27. e4 dxe4 28. dxe4 Nfxe4 29. Bc4 Ke8 30. Bxa6 Nxa2 31. f3 Nd6 32. Kf2 Kd7 33. Ne5+ Ke6 34. Nd3 Nc3 35. Ke3 Nd5+ 36. Kd4 Nf5+ 37. Kc5 Nde3 38. Nb4 Kf6 39. Be2 h5 40. Nd3 g6 41. Nf2 Ke5 42. f4+ Kf6 43. Ne4+ Ke6 44. Ba6 h4 45. Be2 hxg3 46. hxg3 Nxg3 47. Nxg3 Ng2 48. Bg4+ Kf6 49. Ne4+ Kg7 50. f5 gxf5 51. Bxf5 Nh4 52. Bd7 Ng6 53. Kd5 Nf8 54. Bb5 Ng6 55. Ke6 Nf4+ 56. Kf5 Nd5 57. Nd6 Ne3+ 58. Kg5 Nd1 59. Bc4 Ne3 60. Bb3 Nf1 61. Nf5+ Kh7 62. Bf7 Nd2 63. Bg6+ Kg8 64. Nd6 Kg7 65. Ne8+ Kf8 66. Kf6 Ne4+ 67. Ke6 Ng5+ 68. Kf5 Nf3 69. Bh5 Ke7 70. Ng7 Nd4+ 71. Ke5 Nc6+ 72. Kd5 Nb4+ 73. Kc4 Nc6 74. Nf5+ Kf6 75. Ne3 Ke5 76. Be8 Ne7 77. Ng4+ Kf4 1/2-1/2

[Event "SVK-chT1E 1314"]
[Site "Slovakia"]
[Date "2014.03.01"]
[Round "8.5"]
[White "Koval, Anton"]
[Black "Sulko, Jan"]
[Result "1-0"]
[WhiteElo "2180"]
[BlackElo "2085"]
[PlyCount "75"]
[EventDate "2013.10.12"]
[EventType "team-tourn"]
[EventRounds "11"]
[EventCountry "SVK"]
[SourceTitle "EXT 2015"]
[Source "ChessBase"]
[SourceDate "2014.11.20"]
[SourceVersion "1"]
[SourceVersionDate "2014.11.20"]
[SourceQuality "1"]
[WhiteTeam "Bardejov"]
[BlackTeam "Filakovo"]
[WhiteTeamCountry "SVK"]
[BlackTeamCountry "SVK"]

1. e4 c5 2. Nf3 d6 3. d4 cxd4 4. Nxd4 Nf6 5. Nc3 a6 6. a4 b6 7. Bd3 Bb7 8. 0-0 e6 9. f4 Nbd7 10. Qe2 Qc7 11. Nf3 Be7 12. e5 dxe5 13. fxe5 Ng4 14. Bf4 0-0 15. Rae1 Nc5 16. Ng5 Nxd3 17. cxd3 Nh6 18. Nce4 Rad8 19. Kh1 Qc6 20. Rf3 Rd4 21. Rh3 f5 22. exf6 Bxf6 23. Nf3 Rd7 24. Bxh6 gxh6 25. Nxf6+ Rxf6 26. Ne5 Qxa4 27. Nxd7 Qxd7 28. Rg3+ Kf7 29. Qh5+ Rg6 30. Rf1+ Kg7 31. Qe5+ Kg8 32. Qb8+ Qc8 33. Qd6 Bd5 34. h3 b5 35. Kh2 a5 36. Rxg6+ hxg6 37. Qe7 e5 38. Rf6 1-0

[Event "SVK-chT2C 1314"]
[Site "Slovakia"]
[Date "2013.11.24"]
[Round "4.3"]
[White "Dusik, Tomas"]
[Black "Sulko, Jan"]
[Result "1-0"]
[WhiteElo "2129"]
[BlackElo "2085"]
[PlyCount "75"]
[EventDate "2013.10.19"]
[EventType "team-tourn"]
[EventRounds "11"]
[EventCountry "SVK"]
[SourceTitle "EXT 2015"]
[Source "ChessBase"]
[SourceDate "2014.11.20"]
[SourceVersion "1"]
[SourceVersionDate "2014.11.20"]
[SourceQuality "1"]
[WhiteTeam "Zilina DMS"]
[BlackTeam "Zvolen Slavia"]
[WhiteTeamCountry "SVK"]
[BlackTeamCountry "SVK"]

1. Nf3 d5 2. d4 Nf6 3. c4 e6 4. Nc3 c6 5. e3 Nbd7 6. Qc2 Be7 7. g4 0-0 8. g5 Nh5 9. h4 g6 10. Bd2 dxc4 11. Bxc4 b5 12. Be2 Bb7 13. Ne4 c5 14. Nxc5 Bxc5 15. dxc5 Rc8 16. b4 f5 17. Bc3 Qe7 18. Rg1 Nxc5 19. bxc5 Qxc5 20. Rc1 b4 21. Nd4 Ng7 22. Bd2 Qe5 23. f4 Qa5 24. Qb2 Rxc1+ 25. Qxc1 Bd5 26. Qb2 Rb8 27. Nb3 Qa4 28. Kf2 Qc6 29. Rc1 Qa8 30. Qe5 a5 31. Bc4 Re8 32. Bxd5 exd5 33. Qc7 a4 34. Nd4 Rb8 35. Nc6 Rb7 36. Qd6 Qe8 37. Bxb4 Rd7 38. Ne7+ 1-0

[Event "SVK-chT2C 1314"]
[Site "Slovakia"]
[Date "2013.11.23"]
[Round "3.2"]
[White "Bednar, Jaromir"]
[Black "Sulko, Jan"]
[Result "1-0"]
[WhiteElo "2277"]
[BlackElo "2085"]
[PlyCount "101"]
[EventDate "2013.10.19"]
[EventType "team-tourn"]
[EventRounds "11"]
[EventCountry "SVK"]
[SourceTitle "EXT 2015"]
[Source "ChessBase"]
[SourceDate "2014.11.20"]
[SourceVersion "1"]
[SourceVersionDate "2014.11.20"]
[SourceQuality "1"]
[WhiteTeam "Liptovska Stiavnica"]
[BlackTeam "Zvolen Slavia"]
[WhiteTeamCountry "SVK"]
[BlackTeamCountry "SVK"]

1. Nf3 d5 2. d3 Nf6 3. Nbd2 g6 4. e4 dxe4 5. dxe4 Bg7 6. Bc4 0-0 7. h3 Nc6 8. 0-0 Na5 9. Bd3 b6 10. Re1 e6 11. Qe2 Bb7 12. b4 Nc6 13. Rb1 Nd7 14. Ba6 Bxa6 15. Qxa6 Nde5 16. Nxe5 Nxe5 17. Rb3 c6 18. f4 Nd7 19. Rd3 Qc7 20. e5 b5 21. Rd6 Nb6 22. Ne4 Rfd8 23. Red1 Bf8 24. Be3 Rxd6 25. exd6 Qc8 26. Qxc8 Rxc8 27. Nf6+ Kh8 28. Bd4 Rd8 29. Nd5+ Bg7 30. Nxb6 Bxd4+ 31. Rxd4 axb6 32. d7 Kg7 33. Rd6 Kf6 34. Rxc6 Rxd7 35. Rxb6 Rd5 36. Rb7 h6 37. a3 g5 38. fxg5+ hxg5 39. Rc7 Rd1+ 40. Kf2 Ra1 41. Rc5 Rxa3 42. Rxb5 Kg6 43. Rc5 f5 44. b5 Ra2 45. Ke3 Kh5 46. g3 Ra5 47. Kd4 Ra4+ 48. Ke5 f4 49. gxf4 gxf4 50. c4 Kh4 51. Kxf4 1-0

[Event "SVK-chT1E 1314"]
[Site "Slovakia"]
[Date "2013.11.16"]
[Round "3.6"]
[White "Lasanda, Michal"]
[Black "Sulko, Jan"]
[Result "1/2-1/2"]
[WhiteElo "2141"]
[BlackElo "2085"]
[PlyCount "111"]
[EventDate "2013.10.12"]
[EventType "team-tourn"]
[EventRounds "11"]
[EventCountry "SVK"]
[SourceTitle "EXT 2015"]
[Source "ChessBase"]
[SourceDate "2014.11.20"]
[SourceVersion "1"]
[SourceVersionDate "2014.11.20"]
[SourceQuality "1"]
[WhiteTeam "Michalovce Zemplin"]
[BlackTeam "Filakovo"]
[WhiteTeamCountry "SVK"]
[BlackTeamCountry "SVK"]

1. e4 e5 2. Nc3 Bc5 3. f4 d6 4. Nf3 Nc6 5. Bc4 Be6 6. Bxe6 fxe6 7. fxe5 Nxe5 8. Nxe5 dxe5 9. Qh5+ Ke7 10. Qxe5 Bd4 11. Qg5+ Bf6 12. Qg3 Qd6 13. Qxd6+ cxd6 14. d3 Rc8 15. Bd2 Kd7 16. 0-0-0 Ne7 17. Rhf1 Rhf8 18. Ne2 Nc6 19. Bc3 Bxc3 20. bxc3 Ne5 21. Kd2 Ke7 22. Rb1 b6 23. Nd4 Rxf1 24. Rxf1 Ng4 25. h3 Nf6 26. c4 Nd7 27. Nb5 Ra8 28. Ke3 Ne5 29. Rb1 Kd7 30. Rb3 Nc6 31. Nd4 Nxd4 32. Kxd4 Rf8 33. Ke3 Rf1 34. d4 Rg1 35. Kf3 Rd1 36. c5 Rxd4 37. cxb6 axb6 38. Rxb6 Kc7 39. Rb2 Rc4 40. Ke3 e5 41. Kd3 Rd4+ 42. Ke3 Rc4 43. Kf3 Rc3+ 44. Kg4 g6 45. Kg5 Rg3+ 46. Kf6 Rxg2 47. Ke6 Re2 48. Rb4 Rxc2 49. Ra4 h5 50. Ra6 Rc4 51. Rxd6 Rxe4 52. Rd7+ Kc6 53. Rg7 Rh4 54. Kxe5 Rxh3 55. Rxg6+ Kb5 56. Rg8 1/2-1/2

[Event "SVK-chT1E 1314"]
[Site "Slovakia"]
[Date "2013.10.13"]
[Round "2.6"]
[White "Sulko, Jan"]
[Black "Kopera, Michal"]
[Result "1/2-1/2"]
[WhiteElo "2085"]
[BlackElo "2087"]
[PlyCount "33"]
[EventDate "2013.10.12"]
[EventType "team-tourn"]
[EventRounds "11"]
[EventCountry "SVK"]
[SourceTitle "EXT 2015"]
[Source "ChessBase"]
[SourceDate "2014.11.20"]
[SourceVersion "1"]
[SourceVersionDate "2014.11.20"]
[SourceQuality "1"]
[WhiteTeam "Filakovo"]
[BlackTeam "Zilina Mladost"]
[WhiteTeamCountry "SVK"]
[BlackTeamCountry "SVK"]

1. d4 d5 2. c4 e6 3. Nc3 Nf6 4. Bg5 Be7 5. e3 0-0 6. Nf3 Nbd7 7. Rc1 Re8 8. Bd3 c6 9. 0-0 b6 10. e4 dxe4 11. Nxe4 Nxe4 12. Bxe7 Qxe7 13. Bxe4 Bb7 14. Ne5 Nxe5 15. dxe5 c5 16. Qf3 Bxe4 17. Qxe4 1/2-1/2

[Event "SVK-chT1E 1213"]
[Site "Slovakia"]
[Date "2013.03.24"]
[Round "11.6"]
[White "Tomcik, Milan"]
[Black "Sulko, Jan"]
[Result "1/2-1/2"]
[WhiteElo "2049"]
[BlackElo "2084"]
[PlyCount "32"]
[EventDate "2012.10.20"]
[EventType "team-tourn"]
[EventRounds "11"]
[EventCountry "SVK"]
[SourceTitle "EXT 2015"]
[Source "ChessBase"]
[SourceDate "2014.11.20"]
[SourceVersion "1"]
[SourceVersionDate "2014.11.20"]
[SourceQuality "1"]
[WhiteTeam "Rajecke Teplice"]
[BlackTeam "Filakovo"]
[WhiteTeamCountry "SVK"]
[BlackTeamCountry "SVK"]

1. e4 c5 2. Nf3 d6 3. d4 cxd4 4. Nxd4 Nf6 5. Nc3 a6 6. Bc4 e6 7. Bb3 Be7 8. 0-0 0-0 9. f3 Nc6 10. Be3 d5 11. exd5 Nxd5 12. Nxd5 exd5 13. Re1 Nxd4 14. Bxd4 Be6 15. Qe2 Bf6 16. Bxf6 Qxf6 1/2-1/2